[Event "Grand Chess Tour Paris Blitz"]
[Site "Paris FRA"]
[Date "2016.06.11"]
[EventDate "2016.06.11"]
[Round "1.3"]
[Result "1-0"]
[White "Maxime Vachier-Lagrave"]
[Black "Laurent Fressinet"]
[WhiteElo "2789"]
[BlackElo "2687"]
[PlyCount "107"]

1. e4 e5 2. Nf3 Nc6 3. Bb5 Nf6 4. d3 Bc5 5. c3 O-O 6. O-O Re8
7. Nbd2 a6 8. Bxc6 dxc6 9. Nc4 Nd7 10. Qc2 Bd6 11. d4 Qe7
12. Re1 c5 13. dxe5 Nxe5 14. Nfxe5 Bxe5 15. f4 Bf6 16. e5 Qe6
17. Ne3 Be7 18. c4 f5 19. b3 Qf7 20. Bb2 Be6 21. Rad1 Rad8
22. Nd5 Rd7 23. Qf2 Red8 24. Qf3 Bf8 25. Bc3 b6 26. h3 h5
27. Kh2 Kh8 28. Ne3 Rxd1 29. Rxd1 Rxd1 30. Qxd1 g6 31. Nd5 Qd7
32. Qf3 Kg7 33. Nf6 Qc8 34. Qc6 Kf7 35. Nd5 Qd7 36. Qxd7+ Bxd7
37. Nxc7 Bc8 38. a4 Be7 39. e6+ Bxe6 40. Nxa6 Bd6 41. Be5 Ke7
42. Nc7 Bxc7 43. Bxc7 Kd7 44. Bxb6 Kc6 45. Ba5 Bf7 46. Kg3 Kb7
47. Kh4 Be8 48. Kg5 Bc6 49. Kxg6 Bxg2 50. h4 Bf3 51. Bc3 Bd1
52. a5 Bxb3 53. Kxh5 Bxc4 54. Kg6 1-0

[Event "Grand Chess Tour Paris Blitz"]
[Site "Paris FRA"]
[Date "2016.06.11"]
[EventDate "2016.06.11"]
[Round "3.2"]
[Result "1/2-1/2"]
[White "Maxime Vachier-Lagrave"]
[Black "Magnus Carlsen"]
[WhiteElo "2789"]
[BlackElo "2855"]
[PlyCount "129"]

1. e4 e5 2. Nf3 Nc6 3. Bb5 a6 4. Ba4 Nf6 5. d3 d6 6. O-O b5
7. Bb3 Na5 8. Re1 Nxb3 9. axb3 c5 10. Bg5 Be7 11. Nc3 Bb7
12. Bxf6 Bxf6 13. Nd5 Bxd5 14. exd5 O-O 15. c3 a5 16. d4 exd4
17. cxd4 Qb6 18. dxc5 Qxc5 19. Rc1 Qb4 20. Qd3 a4 21. Re4 Qxb3
22. Qxb3 axb3 23. Rb1 Rfc8 24. Rb4 Rc5 25. Rxb3 Rxd5 26. g3 h6
27. Rc1 Ra4 28. Kg2 Kh7 29. Rc7 Kg6 30. Rb7 Ra2 31. R7xb5 Rxb5
32. Rxb5 Rxb2 33. Rd5 Rb6 34. Nd2 Rc6 35. Ne4 Be7 36. g4 Kh7
37. h4 Kg8 38. h5 g6 39. Kf3 Kg7 40. Ke3 Ra6 41. f3 Kf8
42. Rb5 Ra3+ 43. Ke2 Ke8 44. g5 Ra2+ 45. Kd3 hxg5 46. hxg6
Ra3+ 47. Ke2 fxg6 48. Nxg5 Ra7 49. Nh3 Kd7 50. Nf4 Kc6 51. Rb2
g5 52. Rc2+ Kd7 53. Nd5 Bd8 54. Kd3 Ke6 55. Nc3 Ra3 56. Re2+
Kf5 57. Kc4 Bf6 58. Nb5 Rxf3 59. Nxd6+ Kg6 60. Rg2 Rf4+
61. Kd5 g4 62. Ne4 Bh4 63. Ke5 Bg5 64. Rg1 Bh6 65. Rg2 1/2-1/2

[Event "Grand Chess Tour Paris Blitz"]
[Site "Paris FRA"]
[Date "2016.06.11"]
[EventDate "2016.06.11"]
[Round "4.5"]
[Result "0-1"]
[White "Fabiano Caruana"]
[Black "Maxime Vachier-Lagrave"]
[WhiteElo "2804"]
[BlackElo "2789"]
[PlyCount "92"]

1. g3 e5 2. Bg2 d5 3. c4 Nf6 4. cxd5 Nxd5 5. Nc3 Nb6 6. e3 Nc6
7. Nge2 h5 8. h3 h4 9. g4 f5 10. d4 exd4 11. exd4 fxg4 12. Qd3
Qf6 13. Ne4 Bb4+ 14. Bd2 Qe7 15. O-O-O Bxd2+ 16. Rxd2 gxh3
17. Bxh3 Bxh3 18. Rxh3 O-O-O 19. N4c3 Kb8 20. Qg6 Nc4 21. Rd1
Rhf8 22. f4 Qb4 23. Qc2 Rfe8 24. d5 Ne7 25. Rd4 Nf5 26. Qxf5
Qxb2+ 27. Kd1 Ne3+ 28. Rxe3 Rxe3 29. d6 cxd6 30. Rd3 Ree8
31. Qa5 d5 32. Rd4 Qb6 33. Qxb6 axb6 34. Rd3 d4 35. Nb5 Re3
36. Rxe3 dxe3+ 37. Ke1 h3 38. Ng3 Rd2 39. Nc3 h2 40. Nce2 Rxa2
41. Kf1 b5 42. Kg2 b4 43. Kxh2 b3 44. Kh3 b2 45. Nc3 Ra3
46. Nge2 Rxc3 0-1

[Event "Grand Chess Tour Paris Blitz"]
[Site "Paris FRA"]
[Date "2016.06.11"]
[EventDate "2016.06.11"]
[Round "5.1"]
[Result "1/2-1/2"]
[White "Maxime Vachier-Lagrave"]
[Black "Wesley So"]
[WhiteElo "2789"]
[BlackElo "2770"]
[PlyCount "126"]

1. e4 e5 2. Nf3 Nc6 3. Bb5 a6 4. Ba4 Nf6 5. d3 b5 6. Bb3 Bc5
7. Nc3 d6 8. Nd5 h6 9. c3 Rb8 10. O-O O-O 11. d4 Ba7 12. Qd3
exd4 13. cxd4 Nxd5 14. exd5 Ne7 15. Re1 Bf5 16. Qc3 Re8
17. Bd2 Qd7 18. Rac1 Bb6 19. Nh4 Bh7 20. Qg3 Ng6 21. Nf3 Rxe1+
22. Rxe1 Re8 23. Rxe8+ Qxe8 24. h4 Qe4 25. h5 Ne7 26. Be3 Kf8
27. Nd2 Qf5 28. Qh4 Ke8 29. Qg3 Kf8 30. Qh4 Ke8 31. Qg3 Qf6
32. Qg4 Nf5 33. Ne4 Qh4 34. Qxh4 Nxh4 35. Ng3 Nf5 36. Nxf5
Bxf5 37. f3 Ke7 38. Kf2 Bd3 39. g4 f6 40. Ke1 Ba5+ 41. Bd2
Bxd2+ 42. Kxd2 Bf1 43. Ke3 f5 44. Kf4 Kf6 45. a3 Bd3 46. Ke3
Bb1 47. Kf4 Bd3 48. Ke3 Bf1 49. Kf4 a5 50. Bc2 fxg4 51. fxg4
Bg2 52. Bd3 b4 53. axb4 axb4 54. Be4 Bxe4 55. Kxe4 Kg5 56. Kf3
g6 57. hxg6 Kxg6 58. b3 Kg5 59. Kg3 h5 60. gxh5 Kxh5 61. Kh3
Kg5 62. Kg3 Kf5 63. Kf3 Kg5 1/2-1/2

[Event "Grand Chess Tour Paris Blitz"]
[Site "Paris FRA"]
[Date "2016.06.11"]
[EventDate "2016.06.11"]
[Round "6.5"]
[Result "1/2-1/2"]
[White "Maxime Vachier-Lagrave"]
[Black "Levon Aronian"]
[WhiteElo "2789"]
[BlackElo "2792"]
[PlyCount "114"]

1. e4 e5 2. Nf3 Nc6 3. Bb5 Nf6 4. O-O Nxe4 5. d4 Nd6 6. Bxc6
dxc6 7. dxe5 Nf5 8. Qxd8+ Kxd8 9. h3 Ke8 10. Nc3 h6 11. Rd1
Ne7 12. Bf4 Ng6 13. Bg3 Bc5 14. e6 Bxe6 15. Bxc7 Rc8 16. Ne4
Bxf2+ 17. Kxf2 Rxc7 18. Nc5 Bc8 19. Rd2 f6 20. Re1+ Kf7
21. Ne4 Rf8 22. c4 Kg8 23. c5 Be6 24. Nd4 Bd5 25. Nc3 Bf7
26. Ne6 Bxe6 27. Rxe6 Kf7 28. Re3 Ne5 29. b3 Rd7 30. Rxd7+
Nxd7 31. Ne4 Rb8 32. b4 Ne5 33. Ra3 a6 34. Rg3 g6 35. Rc3 Ke6
36. Ke3 Rd8 37. Nd6 b6 38. Ne4 b5 39. Nd6 h5 40. Ke4 Nf7
41. Nxf7 Kxf7 42. Ra3 Ra8 43. g4 hxg4 44. hxg4 Ke6 45. Kf4 Kd5
46. Rd3+ Kc4 47. Rd6 a5 48. a3 a4 49. Rxc6 Kb3 50. Rb6 Kxa3
51. Rxb5 Kb3 52. c6 a3 53. Ra5 Rxa5 54. bxa5 a2 55. c7 a1=Q
56. c8=Q Qd4+ 57. Kf3 Qd3+ 1/2-1/2

[Event "Grand Chess Tour Paris Blitz"]
[Site "Paris FRA"]
[Date "2016.06.11"]
[EventDate "2016.06.11"]
[Round "7.2"]
[Result "1-0"]
[White "Vladimir Kramnik"]
[Black "Maxime Vachier-Lagrave"]
[WhiteElo "2812"]
[BlackElo "2789"]
[PlyCount "79"]

1. d4 Nf6 2. Nf3 g6 3. Bg5 Bg7 4. c3 O-O 5. Nbd2 d6 6. e4 c5
7. d5 h6 8. Bh4 e6 9. dxe6 Bxe6 10. Be2 Nc6 11. O-O Qc7
12. Re1 Rad8 13. Qc2 d5 14. Bb5 g5 15. Bg3 Qb6 16. exd5 Bxd5
17. a4 Na5 18. b4 cxb4 19. cxb4 Nc6 20. Nc4 Nxb4 21. Qf5 Qc5
22. Ne3 Qc8 23. Qxc8 Rxc8 24. Bd6 Nc2 25. Nxc2 Rxc2 26. Nd4
Rd2 27. Bxf8 Bxf8 28. Rad1 Rxd1 29. Rxd1 a6 30. Bd3 Bc5
31. Nf5 h5 32. Rc1 Nd7 33. a5 Kf8 34. g3 Bc6 35. Be2 Be4
36. Ne3 g4 37. h3 h4 38. Bxg4 Bxe3 39. fxe3 f5 40. Bxf5 1-0

[Event "Grand Chess Tour Paris Blitz"]
[Site "Paris FRA"]
[Date "2016.06.11"]
[EventDate "2016.06.11"]
[Round "8.4"]
[Result "1/2-1/2"]
[White "Maxime Vachier-Lagrave"]
[Black "Anish Giri"]
[WhiteElo "2789"]
[BlackElo "2782"]
[PlyCount "105"]

1. Nf3 d5 2. g3 g6 3. Bg2 Bg7 4. d4 Nf6 5. c4 c6 6. b3 O-O
7. Bb2 dxc4 8. bxc4 c5 9. O-O cxd4 10. Nxd4 Qb6 11. Qb3 Nfd7
12. e3 e5 13. Nb5 Nc5 14. Qa3 Be6 15. Nd2 Rd8 16. Rfd1 Nc6
17. Nc3 e4 18. Rab1 Qa5 19. Ncxe4 Nxe4 20. Nxe4 Rxd1+ 21. Rxd1
Qxa3 22. Bxa3 Bxc4 23. Nd6 Bxa2 24. Rd2 Be6 25. Nxb7 Ne5
26. Bc5 a6 27. f4 Nc4 28. Rd8+ Rxd8 29. Nxd8 Bf8 30. Nxe6 fxe6
31. Ba7 a5 32. Bc6 Kf7 33. Kf2 Bb4 34. e4 Nd6 35. Ke2 Nc8
36. Bd4 Ne7 37. Ba4 Nc8 38. h4 Nd6 39. Bc6 h5 40. Kf3 Nc8
41. Ba4 Nd6 42. Bc6 Nc8 43. g4 hxg4+ 44. Kxg4 Ne7 45. Ba4 Bd2
46. Bb3 Nc6 47. Bc5 Kf6 48. Ba4 Nb4 49. Be8 Nd3 50. Bd6 e5
51. fxe5+ Nxe5+ 52. Bxe5+ Kxe5 53. Bxg6 1/2-1/2

[Event "Grand Chess Tour Paris Blitz"]
[Site "Paris FRA"]
[Date "2016.06.12"]
[EventDate "2016.06.08"]
[Round "10"]
[Result "1/2-1/2"]
[White "Laurent Fressinet"]
[Black "Maxime Vachier-Lagrave"]
[WhiteElo "2687"]
[BlackElo "2789"]
[PlyCount "108"]

1. d4 Nf6 2. c4 g6 3. Nc3 d5 4. cxd5 Nxd5 5. e4 Nxc3 6. bxc3
Bg7 7. Be3 c5 8. Rc1 O-O 9. Nf3 Qa5 10. Qd2 Nd7 11. Bh6 Rd8
12. h4 cxd4 13. Bxg7 Kxg7 14. cxd4 Qxd2+ 15. Kxd2 Nf6 16. Bd3
Bg4 17. Ke3 Rac8 18. Ne5 Bd7 19. f3 Ba4 20. Rc4 Rxc4 21. Bxc4
Nd7 22. Nxd7 Rxd7 23. Rc1 Rc7 24. Kd2 f6 25. Be6 Rxc1 26. Kxc1
Kf8 27. Kd2 Ke8 28. f4 Bd7 29. Bb3 Bb5 30. d5 h6 31. Ke3 Kd7
32. Kd4 b6 33. e5 g5 34. g3 gxh4 35. gxh4 Bf1 36. Ba4+ b5
37. Bc2 fxe5+ 38. fxe5 e6 39. Bb3 exd5 40. Bxd5 b4 41. Kc5 a5
42. Bb3 Bd3 43. Kb6 a4 44. Bxa4+ Ke6 45. Kc5 Bb1 46. Bb3+ Kxe5
47. Kxb4 Bxa2 48. Bxa2 Kf6 49. Kc5 Kg7 50. Kd6 Kg6 51. Ke5 Kh5
52. Kf4 Kxh4 53. Bf7 Kh3 54. Kf5 h5 1/2-1/2

[Event "Grand Chess Tour Paris Blitz"]
[Site "Paris FRA"]
[Date "2016.06.12"]
[EventDate "2016.06.08"]
[Round "12"]
[Result "1/2-1/2"]
[White "Magnus Carlsen"]
[Black "Maxime Vachier-Lagrave"]
[WhiteElo "2855"]
[BlackElo "2789"]
[PlyCount "147"]

1. d4 Nf6 2. Nf3 g6 3. Nbd2 Bg7 4. e4 d6 5. Bd3 Nc6 6. O-O O-O
7. c3 Bd7 8. Re1 e5 9. dxe5 Nxe5 10. Nxe5 dxe5 11. Nf3 Qe7
12. h3 Rfd8 13. Qc2 Ne8 14. Be3 Nd6 15. Rad1 b6 16. Bf1 h6
17. Nd2 Be6 18. a4 a5 19. Nb1 Qe8 20. c4 Qc6 21. f3 f5 22. c5
bxc5 23. Qxc5 Qxc5 24. Bxc5 fxe4 25. fxe4 Rab8 26. Rd2 Nc4
27. Rxd8+ Rxd8 28. b3 Nb6 29. Re3 Rd1 30. Nc3 Rc1 31. Ba3
Rxf1+ 32. Kxf1 Bxb3 33. Bc5 Nxa4 34. Nxa4 Bxa4 35. Kf2 Bb5
36. Rf3 h5 37. g4 hxg4 38. hxg4 Bh6 39. Rf6 Kg7 40. Re6 Bf4
41. Re7+ Kf6 42. Rxc7 Ba4 43. Be7+ Ke6 44. Bd8 Bd1 45. Re7+
Kd6 46. Rg7 a4 47. Rxg6+ Kd7 48. Ba5 Bc2 49. Bb4 Bxe4 50. Rd6+
Kc7 51. Rf6 Kd7 52. Ra6 Bc6 53. Bc3 Kd6 54. Ra5 Bd7 55. g5
Bxg5 56. Bxe5+ Ke6 57. Bd4 Bd8 58. Ra8 Be7 59. Ke3 Bg5+
60. Kd3 Bb5+ 61. Kc3 Be7 62. Ra5 Bc6 63. Kc4 a3 64. Ra6 Kd7
65. Bc5 Bxc5 66. Kxc5 Be4 67. Rxa3 Ke6 68. Kd4 Bg6 69. Ra5 Kf6
70. Ke3 Kg7 71. Kf4 Bh7 72. Kg5 Kh8 73. Kh6 Bg8 74. Ra8
1/2-1/2

[Event "Grand Chess Tour Paris Blitz"]
[Site "Paris FRA"]
[Date "2016.06.12"]
[EventDate "2016.06.08"]
[Round "13"]
[Result "1-0"]
[White "Maxime Vachier-Lagrave"]
[Black "Fabiano Caruana"]
[WhiteElo "2789"]
[BlackElo "2804"]
[PlyCount "71"]

1. c4 e6 2. e4 d5 3. cxd5 exd5 4. exd5 Nf6 5. Bb5+ Nbd7 6. Nc3
Be7 7. Nf3 O-O 8. d4 Nb6 9. h3 Nbxd5 10. O-O Bf5 11. Re1 Bb4
12. Bd2 c6 13. Bc4 Bxc3 14. bxc3 Ne4 15. Rc1 Qf6 16. Ne5 Rfe8
17. f3 Nd6 18. Bb3 Be6 19. Qe2 h6 20. Qf2 Nb6 21. c4 Nd7
22. Bc3 Qd8 23. d5 cxd5 24. cxd5 Bf5 25. Qg3 Nf6 26. Ba1 Nh5
27. Qf2 Nf4 28. Kh2 f6 29. Nc4 Nd3 30. Qg3 Rxe1 31. Nxd6 Rxc1
32. Nxf5 Qf8 33. d6+ Kh7 34. Ne7 Rxa1 35. Qg6+ Kh8 36. Qxd3
1-0

[Event "Grand Chess Tour Paris Blitz"]
[Site "Paris FRA"]
[Date "2016.06.12"]
[EventDate "2016.06.08"]
[Round "14"]
[Result "1/2-1/2"]
[White "Wesley So"]
[Black "Maxime Vachier-Lagrave"]
[WhiteElo "2770"]
[BlackElo "2789"]
[PlyCount "146"]

1. Nf3 c5 2. c3 Nf6 3. d4 Qc7 4. Bg5 Ne4 5. Bh4 d5 6. e3 Nc6
7. Nbd2 Bf5 8. Nxe4 dxe4 9. Nd2 e6 10. Bg3 Qd8 11. Bb5 Be7
12. dxc5 Bxc5 13. Qa4 O-O 14. Nxe4 Be7 15. Rd1 Qb6 16. Nd6
Rfd8 17. Nxf5 Rxd1+ 18. Kxd1 exf5 19. Kc1 Rc8 20. Rd1 Rd8
21. Rxd8+ Nxd8 22. Bd3 g6 23. Qe8+ Bf8 24. Bc4 Qf6 25. Bc7 Ne6
26. Bxe6 Qxe6 27. Qxe6 fxe6 28. Kd2 Kf7 29. Bb8 a6 30. Kd3 Ke8
31. e4 Kd7 32. f3 Kc6 33. a4 Bg7 34. h3 h5 35. Ba7 Bf6 36. Bd4
Be7 37. c4 a5 38. b3 b6 39. Bc3 Bc5 40. Bd2 Be7 41. exf5 exf5
42. Kd4 Bf6+ 43. Kd3 Be7 44. Be1 Bf8 45. Bh4 Bg7 46. Be7 Be5
47. b4 axb4 48. Bxb4 Bf6 49. Bc3 Be7 50. Bd4 Bf8 51. Ke3 Bh6+
52. Kd3 Bf8 53. Kc3 Be7 54. Kb3 Bf8 55. Kc2 Be7 56. Be3 Bf6
57. Kd3 Be7 58. Bd2 Bf8 59. a5 bxa5 60. Bxa5 Be7 61. Bd2 Bf8
62. Be3 Bg7 63. Bd4 Bf8 64. Kc3 Be7 65. Bf2 Bf6+ 66. Kb4 Be7+
67. c5 Bf8 68. Kc4 Be7 69. Bd4 Bf8 70. g4 Be7 71. gxf5 gxf5
72. Bf2 Bf8 73. Bd4 Be7 1/2-1/2

[Event "Grand Chess Tour Paris Blitz"]
[Site "Paris FRA"]
[Date "2016.06.12"]
[EventDate "2016.06.08"]
[Round "15"]
[Result "0-1"]
[White "Levon Aronian"]
[Black "Maxime Vachier-Lagrave"]
[WhiteElo "2792"]
[BlackElo "2789"]
[PlyCount "118"]

1. Nf3 c5 2. c3 Nf6 3. d4 Qc7 4. g3 b6 5. d5 g6 6. Bg2 Bg7
7. O-O O-O 8. c4 b5 9. Nfd2 d6 10. cxb5 a6 11. b6 Qxb6 12. Nc3
Nbd7 13. a4 a5 14. Nc4 Qb4 15. Na3 Ba6 16. Ncb5 Nb6 17. Nc7
Qxa4 18. Qxa4 Nxa4 19. Nb1 Nb6 20. Nxa8 Rxa8 21. Rxa5 Bxe2
22. Rxa8+ Nxa8 23. Re1 Bd3 24. Nc3 Kf8 25. Bd2 Nb6 26. Ra1 Ke8
27. Ra7 Bc4 28. Rb7 Nfd7 29. Bf1 Bxf1 30. Kxf1 Bxc3 31. bxc3
Nxd5 32. Ke2 c4 33. g4 e5 34. h4 h5 35. gxh5 gxh5 36. Ra7 Nc5
37. Ra8+ Ke7 38. Rh8 Ne6 39. Kf3 Ndf4 40. Ke4 d5+ 41. Kf5 Ng7+
42. Kg5 f6+ 43. Kh6 Nf5+ 44. Kh7 Nd3 45. Kg6 Nxh4+ 46. Kxh5
Nf3 47. Bh6 Nxf2 48. Be3 Ne4 49. Kg6 d4 50. cxd4 exd4 51. Bf4
Nd6 52. Kh5 Ne5 53. Ra8 Ke6 54. Kh4 Ng6+ 55. Kg4 Nxf4 56. Kxf4
c3 57. Ra5 d3 58. Ra1 Nc4 59. Ke4 d2 0-1

[Event "Grand Chess Tour Paris Blitz"]
[Site "Paris FRA"]
[Date "2016.06.12"]
[EventDate "2016.06.08"]
[Round "16"]
[Result "1-0"]
[White "Maxime Vachier-Lagrave"]
[Black "Vladimir Kramnik"]
[WhiteElo "2789"]
[BlackElo "2812"]
[PlyCount "67"]

1. Nf3 d5 2. g3 g6 3. Bg2 Bg7 4. d4 Nf6 5. c4 c6 6. b3 O-O
7. O-O Bf5 8. Bb2 Nbd7 9. e3 dxc4 10. bxc4 e5 11. Nc3 Re8
12. h3 exd4 13. Nxd4 Ne5 14. Nxf5 Qxd1 15. Nxd1 gxf5 16. Bxe5
Rxe5 17. Rb1 Re7 18. Nc3 Rd8 19. Rfd1 Rxd1+ 20. Rxd1 Kf8
21. h4 Ke8 22. Ne2 Ne4 23. Bh3 Re5 24. Nd4 Nc3 25. Rd3 Nxa2
26. Ra3 Nb4 27. Rxa7 Rc5 28. Nxf5 Be5 29. f4 Bc7 30. Rxb7 Na6
31. Ra7 Ra5 32. c5 Kd8 33. Nd6 f6 34. Nb7+ 1-0

[Event "Grand Chess Tour Paris Blitz"]
[Site "Paris FRA"]
[Date "2016.06.12"]
[EventDate "2016.06.08"]
[Round "17"]
[Result "1/2-1/2"]
[White "Anish Giri"]
[Black "Maxime Vachier-Lagrave"]
[WhiteElo "2782"]
[BlackElo "2789"]
[PlyCount "76"]

1. Nf3 c5 2. c4 Nc6 3. Nc3 e5 4. e3 Nf6 5. Be2 d5 6. d4 cxd4
7. exd4 e4 8. Ne5 dxc4 9. Bxc4 Nxe5 10. dxe5 Qxd1+ 11. Kxd1
Ng4 12. e6 Bxe6 13. Bxe6 fxe6 14. Nxe4 Rc8 15. Bd2 Be7 16. Ke2
Kf7 17. Rac1 h6 18. Rxc8 Rxc8 19. Rc1 Rxc1 20. Bxc1 Nf6
21. Nc3 e5 22. f3 Ke6 23. Kd3 Nd7 24. Be3 a6 25. Ne4 Kd5
26. g4 Bh4 27. Bd2 Be7 28. Be3 Bh4 29. Nc3+ Ke6 30. a4 Be1
31. Ne4 Kd5 32. b3 Bb4 33. h4 Nf8 34. h5 Ne6 35. Ng3 Be7
36. Ne4 Bb4 37. Ng3 Be7 38. Ne4 Bb4 1/2-1/2

[Event "Grand Chess Tour Paris Blitz"]
[Site "Paris FRA"]
[Date "2016.06.12"]
[EventDate "2016.06.11"]
[Round "18.3"]
[Result "1/2-1/2"]
[White "Maxime Vachier-Lagrave"]
[Black "Veselin Topalov"]
[WhiteElo "2789"]
[BlackElo "2761"]
[PlyCount "131"]

1. e4 c5 2. Nf3 d6 3. Bb5+ Nd7 4. O-O a6 5. Bd3 Ngf6 6. Re1 e6
7. c3 b5 8. Bc2 c4 9. a4 Bb7 10. axb5 axb5 11. Rxa8 Qxa8
12. Na3 Be7 13. Nxb5 O-O 14. Qe2 Rc8 15. Na3 d5 16. e5 Ne4
17. Nb5 Ndc5 18. Nfd4 Nd3 19. Bxd3 cxd3 20. Qxd3 Ba6 21. Qf3
Qb8 22. d3 Nc5 23. Nd6 Bxd6 24. exd6 Nxd3 25. d7 Nxe1
26. dxc8=Q+ Qxc8 27. Qg3 Kh8 28. h4 Nd3 29. Bf4 f6 30. Be3 e5
31. Nb3 Qb7 32. Nc5 Nxc5 33. Bxc5 Qxb2 34. Bf8 Qb7 35. Qg4 Qf7
36. Bb4 h5 37. Qf5 Bb5 38. Qc8+ Be8 39. Qc5 Kh7 40. Qe7 Qg6
41. Qe6 Bf7 42. Qd7 Bg8 43. Bf8 Qg4 44. Qxg4 hxg4 45. Kh2 Be6
46. Kg3 Kg8 47. Bc5 Kf7 48. f3 gxf3 49. gxf3 Kg6 50. Bf8 Kf7
51. Bc5 Kg6 52. Bf8 d4 53. cxd4 exd4 54. Bc5 d3 55. Be3 Kh5
56. Bd2 Bd5 57. Be3 Kg6 58. Kg4 Bc6 59. Bd2 f5+ 60. Kf4 Kh5
61. Be1 g6 62. Ke3 Bb7 63. Kf4 Bc6 64. Ke3 d2 65. Bxd2 Kxh4
66. f4 1/2-1/2

[Event "Your Next Move (Rapid)"]
[Site "Leuven BEL"]
[Date "2016.06.17"]
[EventDate "2016.06.17"]
[Round "1"]
[Result "0-1"]
[White "Maxime Vachier-Lagrave"]
[Black "Viswanathan Anand"]
[WhiteElo "2789"]
[BlackElo "2770"]
[PlyCount "72"]

1. e4 e5 2. Nf3 Nc6 3. Bb5 Nf6 4. d3 Bc5 5. c3 O-O 6. O-O d6
7. Nbd2 Ne7 8. d4 exd4 9. cxd4 Bb6 10. Re1 Bg4 11. h3 Bh5
12. Qb3 d5 13. e5 Nd7 14. Qd1 Re8 15. g4 Bg6 16. Nf1 c6
17. Bd3 f6 18. exf6 Nxf6 19. Ng3 Bxd3 20. Qxd3 Ng6 21. Rxe8+
Qxe8 22. Bg5 Qf7 23. Re1 Rf8 24. Nf5 Ne4 25. Bh6 Qc7 26. Nxg7
Nxf2 27. Kxf2 Qh2+ 28. Ke3 Qg2 29. Qe2 Rxf3+ 30. Qxf3 Bxd4+
31. Kxd4 Qxf3 32. Nf5 Qf2+ 33. Re3 Qxb2+ 34. Kc5 Qb6+ 35. Kd6
Qd8+ 36. Kc5 d4 0-1

[Event "Your Next Move (Rapid)"]
[Site "Leuven BEL"]
[Date "2016.06.17"]
[EventDate "2016.06.17"]
[Round "2"]
[Result "1/2-1/2"]
[White "Magnus Carlsen"]
[Black "Maxime Vachier-Lagrave"]
[WhiteElo "2855"]
[BlackElo "2789"]
[PlyCount "98"]

1. c4 e5 2. g3 Nf6 3. Bg2 d5 4. cxd5 Nxd5 5. Nc3 Nb6 6. d3 Be7
7. Nh3 Nc6 8. f4 h5 9. Be3 h4 10. Rc1 Bf5 11. Ng5 Qd7 12. Qb3
O-O 13. gxh4 Nd4 14. Qd1 Bc5 15. Qd2 exf4 16. Bxf4 Rfe8
17. Nce4 Bxe4 18. Bxe4 Qe7 19. Kf1 Rad8 20. e3 Ne6 21. Nxe6
Qxe6 22. Qg2 Bf8 23. Rg1 Nd5 24. Qg5 c6 25. Rg2 Nxf4 26. Qxf4
f5 27. Bxf5 Qxe3 28. Qxe3 Rxe3 29. Re2 Rf3+ 30. Rf2 Rxf2+
31. Kxf2 Be7 32. Kg3 Kf7 33. h5 Rd5 34. Rf1 Bf6 35. b3 Ke7
36. Kg4 a5 37. Rf2 Re5 38. Rg2 Rd5 39. h4 Rc5 40. Re2+ Re5
41. Be4 Kd6 42. Rf2 Ke7 43. Rf1 Rc5 44. a4 b5 45. Rf5 Rxf5
46. Kxf5 bxa4 47. bxa4 Bxh4 48. Kg6 Bf6 49. Bxc6 Bd4 1/2-1/2

[Event "Your Next Move (Rapid)"]
[Site "Leuven BEL"]
[Date "2016.06.17"]
[EventDate "2016.06.17"]
[Round "3"]
[Result "1/2-1/2"]
[White "Maxime Vachier-Lagrave"]
[Black "Wesley So"]
[WhiteElo "2789"]
[BlackElo "2770"]
[PlyCount "83"]

1. e4 e5 2. Nf3 Nc6 3. Bb5 Nf6 4. d3 Bc5 5. c3 O-O 6. O-O d6
7. h3 Ne7 8. d4 Bb6 9. Bd3 Ng6 10. Re1 Re8 11. Qc2 c6 12. a4
Bc7 13. Be3 d5 14. Nbd2 exd4 15. Bxd4 Be6 16. Ng5 dxe4
17. Ndxe4 Nxe4 18. Nxe6 Rxe6 19. Rxe4 Rxe4 20. Bxe4 Bb6
21. Rd1 Qc7 22. Bxb6 axb6 23. b4 Nf8 24. Bd3 Re8 25. g3 g6
26. Bc4 Nd7 27. Bb3 Nf6 28. Rd3 Kg7 29. Qd1 h5 30. h4 Re5
31. Rf3 Qe7 32. Kg2 c5 33. bxc5 bxc5 34. Qd3 Qc7 35. a5 Re7
36. Qb5 Ne8 37. Bd5 Nd6 38. Qb2 c4 39. Qd2 Qxa5 40. Qd4+ Kh7
41. Bxc4 Nxc4 42. Qxc4 1/2-1/2

[Event "Your Next Move (Rapid)"]
[Site "Leuven BEL"]
[Date "2016.06.17"]
[EventDate "2016.06.17"]
[Round "4"]
[Result "1-0"]
[White "Maxime Vachier-Lagrave"]
[Black "Vladimir Kramnik"]
[WhiteElo "2789"]
[BlackElo "2812"]
[PlyCount "63"]

1. e4 e5 2. Nf3 Nc6 3. Bb5 Nf6 4. d3 Bc5 5. c3 O-O 6. O-O d6
7. Nbd2 Ne7 8. d4 exd4 9. cxd4 Bb6 10. Re1 Bg4 11. Qb3 Bh5
12. a4 Ba5 13. Bf1 Rb8 14. e5 Nfd5 15. Rd1 dxe5 16. dxe5 c6
17. Nc4 Bc7 18. h3 b5 19. axb5 Rxb5 20. Qa3 a5 21. g4 Bg6
22. Nd4 Rb8 23. Bg5 Qd7 24. Bxe7 Nxe7 25. Nxc6 Qxc6 26. Qxe7
Rfe8 27. Qd7 Be4 28. Rac1 Qxd7 29. Rxd7 Bxe5 30. Nxe5 Rxe5
31. Rcc7 Bd5 32. f4 1-0

[Event "Your Next Move (Rapid)"]
[Site "Leuven BEL"]
[Date "2016.06.17"]
[EventDate "2016.06.17"]
[Round "5"]
[Result "1/2-1/2"]
[White "Levon Aronian"]
[Black "Maxime Vachier-Lagrave"]
[WhiteElo "2792"]
[BlackElo "2789"]
[PlyCount "122"]

1. Nf3 c5 2. c3 Nf6 3. d4 cxd4 4. cxd4 d5 5. Nc3 Nc6 6. Bf4
Bf5 7. Qb3 Na5 8. Qa4+ Bd7 9. Qc2 e6 10. e3 Rc8 11. Bd3 Be7
12. h3 O-O 13. O-O h6 14. Ne5 Nc6 15. a3 Nxe5 16. dxe5 Ne4
17. Bxe4 dxe4 18. Rfd1 Qc7 19. Qxe4 Bc6 20. Qc2 Rfd8 21. Rxd8+
Rxd8 22. Nb5 Qa5 23. Nd6 Bxd6 24. exd6 e5 25. Qf5 Qd5 26. e4
Qxd6 27. Bxe5 Qe7 28. Re1 Qg5 29. Qxg5 hxg5 30. f3 f6 31. Bc3
Kf7 32. Kf2 a6 33. Kg3 Kg6 34. h4 gxh4+ 35. Kxh4 Kf7 36. Kg3
Rd3 37. Kf2 Rd8 38. Kg3 Rd3 39. Kf4 Rd8 40. Rh1 Kg6 41. Ba5
Rd3 42. Bb4 Rd8 43. Bc3 Kf7 44. Rh5 g5+ 45. Ke3 Kg6 46. Rh1
Bb5 47. Kf2 Bc6 48. Re1 Rd7 49. Rh1 Rd8 50. Ba5 Rd7 51. Rh8 g4
52. fxg4 Re7 53. Bc3 Rxe4 54. Rf8 Re6 55. Kg3 Kg7 56. Rd8 Kg6
57. Rd2 Kg5 58. Rf2 Re3+ 59. Kh2 Re6 60. Kh3 Re3+ 61. g3 Rf3
1/2-1/2

[Event "Your Next Move (Rapid)"]
[Site "Leuven BEL"]
[Date "2016.06.18"]
[EventDate "2016.06.17"]
[Round "6"]
[Result "1/2-1/2"]
[White "Maxime Vachier-Lagrave"]
[Black "Fabiano Caruana"]
[WhiteElo "2789"]
[BlackElo "2804"]
[PlyCount "100"]

1. d4 Nf6 2. c4 e6 3. Nf3 c5 4. d5 d6 5. Nc3 exd5 6. cxd5 g6
7. Nd2 Bg7 8. e4 O-O 9. Be2 Re8 10. O-O Na6 11. Re1 Nc7 12. a4
Rb8 13. Bf1 a6 14. a5 Bd7 15. Nc4 Bb5 16. Bf4 Bxc4 17. Bxc4
Nh5 18. Bd2 b5 19. axb6 Rxb6 20. Ra2 Qd7 21. Be2 Nf6 22. f3
Nh5 23. Na4 Rbb8 24. Bc3 Bh6 25. Bc4 Nb5 26. e5 Qf5 27. e6 Bf4
28. b3 Nxc3 29. Nxc3 Be5 30. Ne4 Nf6 31. Rxa6 Nxe4 32. Rxe4
Ra8 33. Ra4 Qf6 34. f4 Bd4+ 35. Kh1 Rad8 36. Qf3 Re7 37. g3
Qf5 38. Ra2 fxe6 39. g4 Qf8 40. Rxe6 Rf7 41. Re4 Ra8 42. Rxa8
Qxa8 43. Kg2 Qa2+ 44. Qe2 Qb1 45. Kh3 Qc1 46. Qf3 Kg7 47. Qf1
Qc2 48. Qe2 Qc1 49. Qf1 Qc2 50. Qe2 Qc1 1/2-1/2

[Event "Your Next Move (Rapid)"]
[Site "Leuven BEL"]
[Date "2016.06.18"]
[EventDate "2016.06.17"]
[Round "8"]
[Result "1/2-1/2"]
[White "Maxime Vachier-Lagrave"]
[Black "Veselin Topalov"]
[WhiteElo "2789"]
[BlackElo "2761"]
[PlyCount "131"]

1. e4 c5 2. Nf3 d6 3. Bb5+ Nd7 4. O-O a6 5. Bd3 Ngf6 6. Re1 e6
7. c3 b5 8. Bc2 c4 9. a4 Bb7 10. axb5 axb5 11. Rxa8 Qxa8
12. Na3 Be7 13. Nxb5 O-O 14. Qe2 Rc8 15. Na3 Ba6 16. d4 cxd3
17. Bxd3 Bxd3 18. Qxd3 Nc5 19. Qe2 Ncxe4 20. Ng5 d5 21. Nc2
Nc5 22. Be3 Qa6 23. Qxa6 Nxa6 24. Ra1 Nc7 25. Nd4 Bd6 26. Ngf3
Ne4 27. Nd2 Nxd2 28. Bxd2 Kf8 29. Kf1 Ke8 30. Ke2 Kd7 31. Kd3
g6 32. b4 e5 33. Nb3 e4+ 34. Kc2 Ra8 35. Rxa8 Nxa8 36. Be3 Nc7
37. Nd4 Be5 38. c4 dxc4 39. Kc3 Nd5+ 40. Kxc4 Nxe3+ 41. fxe3
Bxh2 42. Kd5 f5 43. b5 Bg1 44. Nc2 Kc7 45. Ke5 Kb6 46. Nd4 Kc5
47. Kf4 Bh2+ 48. g3 h5 49. Kg5 Bxg3 50. Kxg6 f4 51. Kf5 f3
52. Kxe4 f2 53. Nb3+ Kxb5 54. Nd2 Kc6 55. Kf3 h4 56. Nf1 Kd5
57. Nd2 Kc6 58. Nf1 Kc5 59. Nd2 Kd5 60. Kg2 Ke6 61. Ne4 Ke5
62. Nxf2 Bxf2 63. Kxf2 Ke4 64. Kg2 Kxe3 65. Kh3 Kf3 66. Kxh4
1/2-1/2